El pilotaje de los sistemas educativos
Este texto lo edita Editorial La Muralla, S.A.. Su comienzo en el mundo editorial data de 1983 en Madrid. El catálogo de la editorial asciende a más de 400 textos. Editorial La Muralla, S.A. tiene textos sobre todo de Libros Escolares, Libros De Historia, Libros De Didáctica Y Pedagogía, Libros De D...
Đã lưu trong:
| Tác giả chính: | |
|---|---|
| Định dạng: | Sách |
| Ngôn ngữ: | Spanish |
| Được phát hành: |
Madrid :
Editorial La Muralla,
1999
|
| Phiên bản: | 2a |
| Loạt: | Aula Abierta.
|
| Những chủ đề: | |
| Truy cập trực tuyến: | Enlace del recurso |
| Các nhãn: |
Thêm thẻ
Không có thẻ, Là người đầu tiên thẻ bản ghi này!
|
MARC
| LEADER | 00000nam a2200000 a 4500 | ||
|---|---|---|---|
| 003 | OSt | ||
| 005 | 20251111045211.0 | ||
| 008 | 191128b1999 ck ||||r|||| 001 0 spa d | ||
| 999 | |c 7234 |d 7234 | ||
| 020 | |a 847133660x | ||
| 040 | |b spa |c CNA-IDEP | ||
| 041 | |a spa | ||
| 082 | |a 371.2 |b L15p | ||
| 100 | 1 | |a Gilbert de Landsheere |9 14396 | |
| 245 | 1 | 0 | |a El pilotaje de los sistemas educativos |c Gilbert de Landsheere |
| 250 | |a 2a | ||
| 260 | |a Madrid : |b Editorial La Muralla, |c 1999 | ||
| 300 | |a 205 paginas : |b tablas, esquemas ; |c 23 cm | ||
| 440 | |a Aula Abierta. |9 4677 | ||
| 504 | |a Contiene bibliografía pagina 199. | ||
| 505 | 2 | |a 1. Naturaleza del pilotaje -- 2. Los indicadores -- 3. Ejemplos de realizaciones -- 4. Micropilotaje -- 5. Los pros y los contras -- | |
| 520 | 3 | |a Este texto lo edita Editorial La Muralla, S.A.. Su comienzo en el mundo editorial data de 1983 en Madrid. El catálogo de la editorial asciende a más de 400 textos. Editorial La Muralla, S.A. tiene textos sobre todo de Libros Escolares, Libros De Historia, Libros De Didáctica Y Pedagogía, Libros De Documentación, Libros Audiovisuales... El fondo editorial de dicha editorial se distribuye en colecciones como L\'escombra Sávia, Din Dan Preescolar, Historia Del Arte Y De La Cultura, Mundo-imagen, Cuadernos De Estadística... Los libros que conforman el catálogo de Editorial La Muralla, S.A. vienen de la mano de autores tan conocidos como Catalina Fuentes Rodríguez, Marta Albelda Marco, Enrique Cordero Seva, Juan Antonio Álvarez-pedrosa Núñez, Javier De Santiago Guervós... | |
| 650 | 1 | 0 | |a Planificación educativa |9 1778 |
| 650 | 1 | 4 | |a Evaluación curricular |9 1282 |
| 942 | |2 ddc |c BK | ||
| 856 | |u https://catalogo.idep.edu.co/cgi-bin/koha/opac-detail.pl?biblionumber=7234 |z Enlace del recurso | ||